000 00705nam a2200241Ia 4500
003 OSt
005 20220926033836.0
006 a|||||r|||| 00| 0
007 ta
008 220923b |||||||| |||| 00| 0 eng d
037 _cGeneral Book
040 _aRTL
_cRTL
_beng
041 _2eng
_aeng
082 _aY:5.252sP11, Q1.1
100 _aCENSUS OF INDIA 2011
245 0 _aProavisional population totals
_b Uttar Pradesh
260 _aUttar Pradesh
_bGovt. Press
_c2011
300 _aiii ; 60
_ccm.
490 _vPaper 2, volume 1
500 _aBibliography: P 256-287
942 _hY:5.252sP11, Q1.1
_cGB
_2CC
999 _c658012
_d658012